Classical mechanics (Record no. 6260)
[ view plain ]
| 000 -LEADER | |
|---|---|
| fixed length control field | 00550nam a2200217Ia 4500 |
| 005 - DATE & TIME | |
| control field | 20260219115453.0 |
| 008 - FIXED-LENGTH DATA ELEMENTS--GENERAL INFORMATION | |
| fixed length control field | 230917s9999||||xx |||||||||||||| ||und|| |
| 020 ## - ISBN | |
| Price | Rs. 950.00 |
| International Standard Book Number | 9788183189392 |
| 040 ## - CATALOGING SOURCE | |
| Original cataloging agency | VIVEKANANDA LIBRARY |
| 082 ## - DDC NUMBER | |
| Classification number | 531 |
| Book Number | U1C(3) |
| 100 ## - MAIN ENTRY--PERSONAL NAME | |
| Personal name | Upadhyaya, J C |
| 245 #0 - TITLE STATEMENT | |
| Title | Classical mechanics |
| 250 ## - EDITION STATEMENT | |
| Edition statement | 3rd |
| 260 ## - PUBLICATION, DISTRIBUTION, ETC. (IMPRINT) | |
| Place of publication, distribution, etc | Mumbai |
| Name of publisher, distributor, etc | Himalaya Publishing House |
| Date of publication, distribution, etc | 2022 |
| 300 ## - PHYSICAL DESCRIPTION | |
| Pages | 554 |
| 500 ## - GENERAL NOTE | |
| General note | 4622 02/12/2022 BA22/030 16/12/2022 Main Budget |
| 650 ## - Subject | |
| Subject | Mechanics |
| 650 ## - Subject | |
| Subject | Dynamics |
| 650 ## - Subject | |
| Subject | Physics |
| 942 ## - ADDED ENTRY ELEMENTS (KOHA) | |
| Koha item type | Books |
| Withdrawn status | Lost status | Source of classification or shelving scheme | Damaged status | Not for loan | Location (home branch) | Sublocation or collection (holding branch) | Shelving location | Date acquired | Koha issues (times borrowed) | Koha full call number | Accession No. | Koha date last seen | Koha item type |
|---|---|---|---|---|---|---|---|---|---|---|---|---|---|
| Dewey Decimal Classification | VIVEKANANDA LIBRARY | VIVEKANANDA LIBRARY | Vivekananda Library | 09/01/2023 | 12 | 531 U1C(3) | 405906 | 22/12/2025 | Books | ||||
| Dewey Decimal Classification | VIVEKANANDA LIBRARY | VIVEKANANDA LIBRARY | Vivekananda Library | 09/01/2023 | 8 | 531 U1C(3) | 405907 | 16/12/2025 | Books | ||||
| Dewey Decimal Classification | VIVEKANANDA LIBRARY | VIVEKANANDA LIBRARY | Vivekananda Library | 09/01/2023 | 7 | 531 U1C(3) | 405908 | 20/12/2024 | Books | ||||
| Dewey Decimal Classification | VIVEKANANDA LIBRARY | VIVEKANANDA LIBRARY | Vivekananda Library | 09/01/2023 | 10 | 531 U1C(3) | 405909 | 22/12/2025 | Books | ||||
| Dewey Decimal Classification | VIVEKANANDA LIBRARY | VIVEKANANDA LIBRARY | Vivekananda Library | 09/01/2023 | 17 | 531 U1C(3) | 405910 | 27/12/2025 | Books |
